000 00635nam a22001457a 4500
020 _a978-1-4169-7801-5
082 _a823
_bDIX/H
100 _aDIXON, FRANKLIN W
245 _aTHE HARDY BOYS - GALAXY X
260 _aNEW YORK
_bALADDIN PAPERBACKS
_c2009
300 _a164
520 _aA new theme park, Galaxy X, is about to open. But someone out there obviously wants Galaxy X to go away. The park owner has received threatening e-mails, and accidents are becoming frequent. In Galaxy X, the brothers have to find the saboteur before opening day, or someone could get seriously hurt.
650 _aMYSTERY
_zUNITED STATES
942 _cBK
999 _c7837
_d7837